| 000 | 00449nam a2200157Ia 4500 | ||
|---|---|---|---|
| 008 | 220216s9999 xx 000 0 und d | ||
| 100 | _aSincharoenkul V | ||
| 245 | 0 | _aFactors affecting Thailand NR production and supply up to the year 2000 | |
| 260 |
_bKautschuk Gummi Kunststoffe _c1998 |
||
| 300 | _a623-625 | ||
| 650 | _aNR latex consumption | ||
| 650 | _aPredictive production | ||
| 650 | _aThailand | ||
| 700 | _aThainugul W | ||
| 942 | _cJS | ||
| 999 |
_c59231 _d59231 |
||